| 000 | 00000nam##2200000za#4500 |
| 001 | 9.599478 |
| 003 | CaOODSP |
| 005 | 20240501092930 |
| 007 | cr ||||||||||| |
| 008 | 150406|1989||||xxc|||||o f|0| 0 fre|d |
| 040 | |aCaOODSP|bfre |
| 043 | |an-cn--- |
| 086 | 1 |aPS83-3/6F-PDF |
| 110 | 2 |aService correctionnel Canada. |
| 245 | 10|aEssai pratique de l'échelle d'évaluation du risque et des besoins dans la collectivité : |h[ressource électronique]|bune étude des libérés sous condition / |crédigé par Laurence L. Motiuk et Frank J. Porporino. |
| 260 | |bService correctionnel Canada |cDécembre 1989. |
| 300 | |a45p.|bgraphique, références, tableaux |
| 490 | 1 |aRapport de recherche|vR-06 |
| 590 | |a10-09-Supp|b2010-11-02 |
| 720 | 1 |aMotiuk, Laurence L. |
| 720 | 1 |aPorporino, Frank J. |
| 775 | 08|tField test of the community risk/needs management scale : |w(CaOODSP)9.568185 |
| 830 | #0|aRapport de recherche (Service correctionnel Canada. Direction de la recherche)|vR-06|w(CaOODSP)9.502465 |
| 856 | 40|ahttp://publications.gc.ca|qPDF|s127 Ko|uhttps://publications.gc.ca/collections/collection_2010/scc-csc/PS83-3-6-fra.pdf|yR-06 |